Statistiche per Comuni della Calabria (con mappa)

Clicka qui per fare il quiz!

Statistiche generali

  • Questo quiz è stato fatto 1.035 volte
  • Il punteggio medio è 90 su 404

Risposte nella Mappa

Le risposte nella mappa del quiz sottostante sono codificate secondo una scala di colori dal rosso al verde in base alla % di persone che hanno risposto correttamente.
 

Statistiche sulle risposte

Comune% Corretto
Cosenza
86%
Catanzaro
84%
Crotone
84%
Vibo Valentia
81%
Reggio di Calabria
73%
Lamezia Terme
72%
Tropea
70%
Gioia Tauro
61%
Paola
59%
Villa San Giovanni
57%
Locri
56%
Castrovillari
55%
Pizzo
54%
Rende
54%
Scilla
54%
Scalea
52%
Corigliano-Rossano
50%
Rosarno
50%
Soverato
50%
Amantea
49%
Diamante
49%
Palmi
47%
San Luca
46%
Bova
45%
Bagnara Calabra
44%
Cirò
44%
Cutro
43%
Melito di Porto Salvo
43%
Praia a Mare
43%
San Giovanni in Fiore
42%
Acri
41%
Isola di Capo Rizzuto
41%
Riace
41%
Roccella Ionica
41%
Rose
40%
Taurianova
38%
Trebisacce
38%
Bovalino
37%
Cariati
37%
Gioiosa Ionica
37%
Siderno
37%
Africo
36%
Belvedere Marittimo
36%
Roseto Capo Spulico
36%
Serra San Bruno
36%
Bianco
35%
Cirò Marina
34%
Falerna
34%
Guardia Piemontese
34%
Montalto Uffugo
33%
San Lorenzo
33%
San Nicola Arcella
33%
Tortora
33%
Bova Marina
32%
Cassano all'Ionio
32%
Mormanno
32%
Stilo
32%
Cetraro
31%
Morano Calabro
31%
Rocca Imperiale
31%
Spezzano Albanese
31%
Albi
30%
Altomonte
30%
Nicotera
30%
Rogliano
30%
San Lucido
30%
Acquappesa
29%
Brancaleone
29%
Gerace
29%
Polistena
29%
Santa Maria del Cedro
29%
Fiumefreddo Bruzio
28%
Fuscaldo
28%
Laino Borgo
28%
Mileto
28%
Monasterace
28%
San Sosti
28%
Aieta
27%
Amendolara
27%
Bisignano
27%
Cotronei
27%
Longobardi
27%
Papasidero
27%
San Marco Argentano
27%
Tarsia
27%
Acquaformosa
26%
Alessandria del Carretto
26%
Briatico
26%
Caulonia
26%
Filadelfia
26%
Frascineto
26%
Gizzeria
26%
Laino Castello
26%
Longobucco
26%
Luzzi
26%
Orsomarso
26%
Ricadi
26%
Spezzano della Sila
26%
Squillace
26%
Zambrone
26%
Aiello Calabro
25%
Badolato
25%
Buonvicino
25%
Calopezzati
25%
Cittanova
25%
Civita
25%
Condofuri
25%
Lago
25%
Lattarico
25%
Melicucco
25%
Melissa
25%
Montegiordano
25%
Motta San Giovanni
25%
Villapiana
25%
Altilia
24%
Belmonte Calabro
24%
Bonifati
24%
Castrolibero
24%
Cerchiara di Calabria
24%
Grimaldi
24%
Maida
24%
Maierà
24%
Nocera Terinese
24%
Oriolo
24%
Roghudi
24%
Santa Domenica Talao
24%
Terranova da Sibari
24%
Torano Castello
24%
Verbicaro
24%
Zumpano
24%
Albidona
23%
Celico
23%
Crosia
23%
Girifalco
23%
Malvito
23%
Platì
23%
Roggiano Gravina
23%
San Demetrio Corone
23%
Sangineto
23%
San Giorgio Albanese
23%
San Lorenzo Bellizzi
23%
San Mango d'Aquino
23%
Zungri
23%
Aprigliano
22%
Ardore
22%
Campo Calabro
22%
Canna
22%
Carolei
22%
Cinquefrondi
22%
Curinga
22%
Delianuova
22%
Domanico
22%
Francavilla Marittima
22%
Guardavalle
22%
Joppolo
22%
Lungro
22%
Mammola
22%
Mandatoriccio
22%
Melicuccà
22%
Mendicino
22%
Mottafollone
22%
Nocara
22%
Petilia Policastro
22%
San Ferdinando
22%
Santa Caterina Albanese
22%
Saracena
22%
Soriano Calabro
22%
Soveria Mannelli
22%
Taverna
22%
Bianchi
21%
Campana
21%
Casali del Manco
21%
Cropalati
21%
Decollatura
21%
Grisolia
21%
Panettieri
21%
Parenti
21%
Rizziconi
21%
San Lorenzo del Vallo
21%
Sant'Agata di Esaro
21%
Strongoli
21%
Belcastro
20%
Belsito
20%
Bivongi
20%
Bocchigliero
20%
Castiglione Cosentino
20%
Castroregio
20%
Firmo
20%
Limbadi
20%
Marina di Gioiosa Ionica
20%
Mesoraca
20%
Mongrassano
20%
Oppido Mamertina
20%
Palizzi
20%
Paludi
20%
Rocca di Neto
20%
San Donato di Ninea
20%
San Fili
20%
San Roberto
20%
Santa Sofia d'Epiro
20%
Sellia
20%
Spilinga
20%
Caccuri
19%
Caraffa di Catanzaro
19%
Cervicati
19%
Chiaravalle Centrale
19%
Davoli
19%
Dipignano
19%
Fagnano Castello
19%
Falconara Albanese
19%
Fiumara
19%
Montebello Ionico
19%
Montepaone
19%
Petronà
19%
Roccabernarda
19%
Rota Greca
19%
San Pietro in Guarano
19%
Sant'Onofrio
19%
Santo Stefano in Aspromonte
19%
Seminara
19%
Zagarise
19%
Amato
18%
Bagaladi
18%
Cerzeto
18%
Fabrizia
18%
Laureana di Borrello
18%
Marano Marchesato
18%
Parghelia
18%
San Basile
18%
Sant'Eufemia d'Aspromonte
18%
Sellia Marina
18%
Umbriatico
18%
Vaccarizzo Albanese
18%
Carfizzi
17%
Carlopoli
17%
Carpanzano
17%
Colosimi
17%
Lappano
17%
Maierato
17%
Marano Principato
17%
Marcellinara
17%
Nardodipace
17%
Plataci
17%
Rovito
17%
Samo
17%
San Benedetto Ullano
17%
San Cosmo Albanese
17%
San Sostene
17%
Sant'Andrea Apostolo dello Ionio
17%
Simeri Crichi
17%
Tiriolo
17%
Varapodio
17%
Zaccanopoli
17%
Acquaro
16%
Antonimina
16%
Botricello
16%
Caloveto
16%
Cardeto
16%
Cropani
16%
Grotteria
16%
Mangone
16%
Monterosso Calabro
16%
Pianopoli
16%
San Pietro a Maida
16%
San Procopio
16%
Santo Stefano di Rogliano
16%
Savelli
16%
Sinopoli
16%
Sorianello
16%
Verzino
16%
Amaroni
15%
Anoia
15%
Candidoni
15%
Cellara
15%
Dinami
15%
Figline Vegliaturo
15%
Francavilla Angitola
15%
Gerocarne
15%
Giffone
15%
Ionadi
15%
Jacurso
15%
Magisano
15%
Martirano
15%
Mongiana
15%
Motta Santa Lucia
15%
Palermiti
15%
Paterno Calabro
15%
Pietrapaola
15%
Platania
15%
Roccaforte del Greco
15%
San Pietro in Amantea
15%
Santa Caterina dello Ionio
15%
Santa Cristina d'Aspromonte
15%
Sant'Agata del Bianco
15%
Sant'Alessio in Aspromonte
15%
Santa Severina
15%
San Vincenzo La Costa
15%
Scala Coeli
15%
Sersale
15%
Staiti
15%
Terravecchia
15%
Andali
14%
Arena
14%
Argusto
14%
Borgia
14%
Brognaturo
14%
Bruzzano Zeffirio
14%
Canolo
14%
Caraffa del Bianco
14%
Cardinale
14%
Careri
14%
Castelsilano
14%
Ciminà
14%
Crucoli
14%
Feroleto Antico
14%
Ferruzzano
14%
Filandari
14%
Malito
14%
Molochio
14%
Pietrafitta
14%
San Calogero
14%
San Giorgio Morgeto
14%
San Pietro Apostolo
14%
San Pietro di Caridà
14%
Sant'Ilario dello Ionio
14%
San Vito sullo Ionio
14%
Scigliano
14%
Stalettì
14%
Stefanaconi
14%
Vazzano
14%
Agnana Calabra
13%
Benestare
13%
Calanna
13%
Casabona
13%
Cerisano
13%
Dasà
13%
Francica
13%
Isca sullo Ionio
13%
Laganadi
13%
Martirano Lombardo
13%
Marzi
13%
Pallagorio
13%
Pedivigliano
13%
Rombiolo
13%
San Martino di Finita
13%
Scido
13%
Serrastretta
13%
Torre di Ruggiero
13%
Camini
12%
Centrache
12%
Cicala
12%
Conflenti
12%
Feroleto della Chiesa
12%
Filogaso
12%
Galatro
12%
Gasperina
12%
Gimigliano
12%
Marcedusa
12%
Martone
12%
Olivadi
12%
Petrizzi
12%
Piane Crati
12%
Placanica
12%
Polia
12%
Serra d'Aiello
12%
Settingiano
12%
Soveria Simeri
12%
Stignano
12%
Terranova Sappo Minulio
12%
Vallelonga
12%
Belvedere di Spinello
11%
Cerenzia
11%
Cerva
11%
Cessaniti
11%
Cleto
11%
Cortale
11%
Drapia
11%
Maropati
11%
San Costantino Calabro
11%
San Floro
11%
San Giovanni di Gerace
11%
San Nicola dell'Alto
11%
Satriano
11%
Scandale
11%
Simbario
11%
Vallefiorita
11%
Casignana
10%
Cosoleto
10%
Pazzano
10%
Portigliola
10%
San Mauro Marchesato
10%
San Nicola da Crissa
10%
Sorbo San Basile
10%
Spadola
10%
Capistrano
9%
Cenadi
9%
Pentone
9%
San Gregorio d'Ippona
9%
Serrata
9%
Miglierina
8%
Montauro
8%
Pizzoni
7%
Fossato Serralta
6%
Gagliato
5%

Distribuzione punteggi

Percentile per numero di risposta

Percentuale di utenti per punteggio

I tuoi punteggi nel tempo

Non hai fatto questo quiz